| 000 | 00338nam a2200121Ia 4500 | ||
|---|---|---|---|
| 008 | 230907s9999||||xx |||||||||||||| ||und|| | ||
| 082 |
_a670.427 _bPAT |
||
| 100 |
_aPatrick, Dale R. _999931 |
||
| 245 | 0 | _aIndustrial process control systems / | |
| 260 |
_aFairmont Press, Inc., _bAtlanta, GA : _c2009 |
||
| 300 | _ax, 449 p. : | ||
| 942 | _cBK | ||
| 999 |
_c599566 _d599566 |
||